Local dalit Christian history / (Record no. 753)
[ view plain ]
| 000 -LEADER | |
|---|---|
| fixed length control field | 01302cam a2200397 a 4500 |
| 001 - CONTROL NUMBER | |
| control field | 13312423 |
| 003 - CONTROL NUMBER IDENTIFIER | |
| control field | GBCCL |
| 005 - DATE AND TIME OF LATEST TRANSACTION | |
| control field | 20241126110345.0 |
| 008 - FIXED-LENGTH DATA ELEMENTS--GENERAL INFORMATION | |
| fixed length control field | 030415s2002 ii b b 000 0 eng |
| 010 ## - | |
| -- | 2003307475 |
| 020 ## - INTERNATIONAL STANDARD BOOK NUMBER | |
| International Standard Book Number | 8172147023 |
| 025 ## - OVERSEAS ACQUISITION NUMBER | |
| Overseas acquisition number | I-E-2003-307475; 13 |
| 035 ## - SYSTEM CONTROL NUMBER | |
| System control number | (DLC) 2003307475 |
| 037 ## - SOURCE OF ACQUISITION | |
| Source of stock number/acquisition | Library of Congress -- New Delhi Overseas Office |
| 040 ## - CATALOGING SOURCE | |
| Original cataloging agency | DLC |
| Transcribing agency | DLC |
| 042 ## - | |
| -- | lcode |
| 043 ## - | |
| -- | a-ii--- |
| 050 00 - | |
| -- | BR1155 |
| -- | .L63 2002 |
| 082 ## - DEWEY DECIMAL CLASSIFICATION NUMBER | |
| Classification number | 275.4 |
| Item number | LOC |
| 245 00 - TITLE STATEMENT | |
| Title | Local dalit Christian history / |
| Statement of responsibility, etc. | edited by George Oommen, John C.B. Webster. |
| 260 ## - PUBLICATION, DISTRIBUTION, ETC. | |
| Place of publication, distribution, etc. | Delhi : |
| Name of publisher, distributor, etc. | ISPCK, |
| Date of publication, distribution, etc. | 2002. |
| 300 ## - PHYSICAL DESCRIPTION | |
| Extent | 150 p. : |
| Other physical details | map ; |
| Dimensions | 23 cm. |
| 490 1# - SERIES STATEMENT | |
| Series statement | ISPCK contextual theological education series ; |
| Volume/sequential designation | 25 |
| 504 ## - BIBLIOGRAPHY, ETC. NOTE | |
| Bibliography, etc. note | Includes bibliographical references (p. 147-150). |
| 520 ## - SUMMARY, ETC. | |
| Summary, etc. | Contributed articles with reference to India. |
| 650 #0 - SUBJECT ADDED ENTRY--TOPICAL TERM | |
| Topical term or geographic name entry element | Christianity |
| Geographic subdivision | India. |
| 9 (RLIN) | 1017 |
| 650 #0 - SUBJECT ADDED ENTRY--TOPICAL TERM | |
| Topical term or geographic name entry element | Christians |
| Geographic subdivision | India |
| General subdivision | History. |
| 9 (RLIN) | 1020 |
| 650 #0 - SUBJECT ADDED ENTRY--TOPICAL TERM | |
| Topical term or geographic name entry element | Caste |
| Geographic subdivision | India. |
| 9 (RLIN) | 1021 |
| 650 #0 - SUBJECT ADDED ENTRY--TOPICAL TERM | |
| Topical term or geographic name entry element | Dalits |
| Geographic subdivision | India |
| General subdivision | Religion. |
| 9 (RLIN) | 1022 |
| 700 1# - ADDED ENTRY--PERSONAL NAME | |
| Personal name | Oommen, George. |
| 9 (RLIN) | 1023 |
| 700 1# - ADDED ENTRY--PERSONAL NAME | |
| Personal name | Webster, John C. B., |
| Dates associated with a name | 1935- |
| 9 (RLIN) | 1016 |
| 830 #0 - | |
| -- | I.S.P.C.K. C.T.E. series ; |
| -- | 25. |
| -- | 1024 |
| 906 ## - LOCAL DATA ELEMENT F, LDF (RLIN) | |
| a | 7 |
| b | cbc |
| c | origode |
| d | 3 |
| e | ncip |
| f | 20 |
| g | y-gencatlg |
| 942 ## - ADDED ENTRY ELEMENTS (KOHA) | |
| Source of classification or shelving scheme | Dewey Decimal Classification |
| Koha item type | Books |
| Withdrawn status | Lost status | Source of classification or shelving scheme | Damaged status | Not for loan | Home library | Current Library | Shelving location | Date acquired | Total checkouts | Full call number | Barcode | Date last seen | Copy number | Price effective from | Koha item type |
|---|---|---|---|---|---|---|---|---|---|---|---|---|---|---|---|
| Dewey Decimal Classification | GRACE BIBLE COLLEGE | GRACE BIBLE COLLEGE | Church History | 2017-03-14 | 275.4 LOC | 009586 | 2025-05-01 | c.1 | 2017-03-14 | Books |